000
00460nam a2200169Ia 4500
008
090124s9999 xx 000 0 und d
082
_b
46531
100
_a
धुऴे प्रकाश
245
_a
मुउातछंद
250
_a
1
300
_a
80
600
_a
धुऴे प्रकाश
630
_a
मुउातछंद
700
_a
धुऴे प्रकाश
730
_a
मुउातछंद
942
_c
BOOK
999
_c
112742
_d
112742